000
00343nam a2200145Ia 4500
008
150201s2009 xx 000 0 und d
082
_a
617.96
_b
M09P
100
_a
PAUL, A.K.
245
_a
MANUAL OF ANESTHESIA
250
_a
1ST
260
_b
JAYPEE BROTHERS
_a
DELHI
_c
2009
300
_a
1-212
650
_a
ANAESTHESIOLOGY
942
_2
ddc
_c
BK
_0
4
999
_c
103
_d
103